| 000 | 00629cam a22002411 4500 | ||
|---|---|---|---|
| 001 | ne 65000561 | ||
| 003 | DLC | ||
| 005 | 20260227111811.0 | ||
| 008 | 881020s1964 xx abc 000 0 ara | ||
| 010 | _ane 65000561 | ||
| 035 | _a(OCoLC)23520984 | ||
| 040 |
_aDLC _cMiU _dDLC |
||
| 042 | _apremarc | ||
| 043 | _afu----- | ||
| 050 | 0 | 0 |
_aHE531 _b.K5 |
| 100 | 1 | _aKīrullus, Jūrj Ḥalīm. | |
| 245 | 1 | 0 | _aQanāt al-Suwāys wa-al-qanaw-at al-baḥrīyah al-ʻālamīyah. |
| 260 | _c[1964] | ||
| 300 |
_a174 p. _billus., maps, ports. _c20 cm. |
||
| 500 | _aRomanized. | ||
| 650 | 0 | _aCanals | |
| 651 | 0 | _aSuez Canal (Egypt) | |
| 999 |
_c47984 _d47984 |
||